000 00691nam a2200241Ia 4500
003 OSt
005 20230327111245.0
008 210423s2006 xx 000 0 und d
020 _a19564003945
040 _cAL
041 _aeng
082 _a338.9 HAYY
100 _aHAYAMI (Yujiro);GODO (Yoshihisa)
_978227
245 _aDevelopment economics: from the poverty to the wealth of nations
250 _a3
260 _aNew Delhi
_bOxford University Press
_c2006
300 _axviii,430
_bPB
365 _b495
_cINR
650 _aEconomics
_978228
650 _aEconomics of Development
_978229
906 _aDevelopment ; economics: ; nations ; poverty ; wealth
942 _2ddc
_cBK
999 _c156077
_d156077